Представление документа в формате RUSMARC

ПолеНазваниеЗначение
  Тип записи a
  Библиографический уровень c
001 Контрольный номер RU/IS/BASE/285180149
005 Дата корректировки 20221003161524.7
010 Индекс ISBN __
d Цена 1-50
100 Данные общей обработки __
a Данные общей обработки 20211021d1990 de y0rusy028902 ca
101 Язык документа 0_
a Язык текста rus
c Язык оригинала rus
102 Страна публикации __
a Страна публикации RU
105 Кодированные данные (монография) __
a Кодированные данные (монография) a z 000ay
181 Поле кодированных данных: вид содержания _0
a Код вида содержания (ISBD) i
182 Поле кодированных данных: тип средства _0
a Код типа средства (ISBD) n
200 Заглавие и сведения об ответственности 1_
a Заглавие Повести и рассказы
e Сведения, относящиеся к заглавию [для детей сред. и ст. шк. возраста]
f Первые сведения об ответственности Лесков Н. С. ; сост. и вступ. ст., примеч. О. Е. Майоровой ; ил. В. Сафронова
b Общее обозначение материала Текст
210 Выходные данные 1_
a Место издания М.
c Издательство Худож. лит.
d Дата издания 1990
215 Физическое описание __
a Объем 528 с.
c Иллюстрации/тип воспроизводства ил.
225 Серия 2_
a Серия Школьная библиотека
606 Тематические рубрики __
a Основная рубрика Художественная литература
z Хронологическая подрубрика 19 в.
y Географическая подрубрика Россия
606 Тематические рубрики __
a Основная рубрика Русская литература XIX в. (произведения)
610 Ключевые слова 0_
a Ключевые слова детская литература; повести; рассказы
686 Индексы других классификаций __
a Классификационный индекс ст84(2Рос=Рус)1-4
700 Автор _1
a Фамилия Лесков
b Имя Н. С.
4 Код отношения 070
702 Вторичная интеллектуальная ответственность _1
a Фамилия Майорова
b Имя О. Е.
4 Код отношения Составитель
4 Код отношения 220
4 Код отношения 080
702 Вторичная интеллектуальная ответственность _1
a Фамилия Сафронов
b Имя В.
4 Код отношения Художник
4 Код отношения 040
801 Источник записи _0
a Страна RU
b Организация Муниципальное бюджетное учреждение культуры "Централизованная библиотечная система" г. Сургут (Центральная городская библиотека им. А. С. Пушкина)
g Правила каталогизации ЦДБ/Симакова
801 Источник записи _1
a Страна RU
b Организация Муниципальное бюджетное учреждение культуры "Централизованная библиотечная система" г. Сургут (Центральная городская библиотека им. А. С. Пушкина)
g Правила каталогизации ЦДБ/Симакова
852 Данные о местонахождении __
j Шифр хранения ст84(2Рос=Рус)1-4
c Каталожный индекс ст84(2Рос=Рус)1-4
i Авторский знак Л 50
p Инвентарный номер 41337
901 Тип документа 1_
t Тип документа x
903 Характеристики (МАРС) __
a Дата передачи 20061023
969 Тип издания __
a Тип издания сборник
990 Данные о заказе (DOS) __
j Количество экземпляров (DOS) 2
t N записи в КСУ для И/У (DOS) ретр